=LDR 00000nam 2200000 4500 =001 INLIS000000000033497 =005 20130612135440 =008 ***********************************ind** =035 ##$$0010-061300000033497 =041 ##$$a ind =082 ##$$a 813 =090 ##$$a 813, Dhi,l =100 ##$$a Dhirgantoro,Donny =245 ##$$a Lima Senti Meter, Donny Dhirgantoro ; Editor,A.Ariobimo Nusantara =260 ##$$a 2005 $b Jakarta =300 ##$$a x,379 hlm., 21 cm =650 ##$$a Fiksi Indonesia =700 ##$$a Nusantara, A.Ariobimo =850 ##$$a NBPNMAT